000 00308nam a22001217a 4500
999 _c2948
_d2948
005 20200925123019.0
008 200925b ||||| |||| 00| 0 eng d
020 _a16175
040 _cCML
245 _aThe Spoilt City.
_cManning, O.
260 _aLondon
_bHeinemann
_c1963
942 _2ddc
_cBK
_e1st Edition
_kF
_mMAN